Texte zur Ideenlehre
Guardat en:
| Autor principal: | |
|---|---|
| Format: | Llibre |
| Idioma: | alemany |
| Publicat: |
Frankfurt am Main
Vittorio Klostermann
1986
|
| Matèries: | |
| Etiquetes: |
Afegir etiqueta
Sense etiquetes, Sigues el primer a etiquetar aquest registre!
|
MARC
| LEADER | 00000nam a2200000 a 4500 | ||
|---|---|---|---|
| 001 | UCX0079 | ||
| 003 | CL-VaPUC | ||
| 008 | 890807e19860000GW |||||||||||||||||ger|d | ||
| 082 | 0 | 4 | |a 184 |b PLA |2 21 |
| 100 | 0 | |a Platón |e author |9 222 | |
| 245 | 1 | 0 | |a Texte zur Ideenlehre |
| 300 | |a 95 p | ||
| 942 | |c BK | ||
| 945 | |d 19890807 00:00:00 | ||
| 260 | |a Frankfurt am Main |b Vittorio Klostermann |c 1986 | ||
| 650 | 0 | |a Idea (Filosofía) |9 269134 | |
| 583 | |a last modification |c 19890807 00:00:00 |k Rodrigo Vera | ||
| 999 | |c 221835 |d 221833 | ||
| 952 | |0 0 |1 0 |4 0 |6 184_000000000000000_PLA_1986 |7 0 |8 P |9 215776 |a BIBEDU |b BIBEDU |c BIBEDU_PB |d 2019-11-15 |i 2842262 |o 184 PLA 1986 |p 2842262 |r 2024-01-25 |w 2019-11-15 |y BK |k FIL | ||